00798nam a22002172 4500001001100000005001700011008004100028020001700069040001500086100003300101245012000134250001300254260003100267300001700298650003700315650006900352650005000421650006300471650004300534852000300577000002462420151217145949.0140115s xx 000 0 eng d a0199604661 : aKABUcKABU1 aNakagawa, Junji.@000018499710aInternational harmonization of economic regulation /cJunji Nakagawa; translated by Jonathan Block and Tara Cannon. a1st ed. aOxford :bO. U. P.,c2011. axvi, 391 p. 0aInternational trade.@0000149976 0aForeign trade regulationxInternational unification.@0000184998 0aInternational economic relations.@0000144571 0aForeign trade regulationxLaw and legislation.@0000184999 0aInternational cooperation.@00001532671